| 000 | 00635cam a2200205ua 4500 | ||
|---|---|---|---|
| 001 | 944 | ||
| 005 | 20260515113240.0 | ||
| 008 | 110423n ii |||gr||||Z||||||eng | ||
| 040 | _cMAIN | ||
| 082 | _a322.4454162 | ||
| 245 | 1 |
_aBharatar swadhinata andulan aru swadhinata andulanat ashomar bhumika. _cBy Kripesh Chandra paul. |
|
| 250 | _a2nd. | ||
| 260 |
_aGowahati.: _bArun prakashan., _c2001. |
||
| 300 | _avii, 280 p.:5 cm. | ||
| 653 | _aPolitical science. | ||
| 653 | _aBharatar swadhinata andulan aru swadhinata andulanat ashomar bhumika. | ||
| 700 | _aPaul, Kripesh Chandra., | ||
| 700 | _aNayak, Pratul Chandra., | ||
| 942 | _cBK | ||
| 999 |
_c867 _d867 |
||